En Busca del pueblo dominicano / (Registro nro. 13399)
[ vista simple ]
| 000 -LEADER | |
|---|---|
| fixed length control field | 00826nam a22002537a 4500 |
| 003 - CONTROL NUMBER IDENTIFIER | |
| control field | DO-SdBNP |
| 005 - DATE AND TIME OF LATEST TRANSACTION | |
| control field | 20210405134315.0 |
| 008 - FIXED-LENGTH DATA ELEMENTS--GENERAL INFORMATION | |
| fixed length control field | 210316b2003 dr| 00| 0 spa d |
| 020 ## - INTERNATIONAL STANDARD BOOK NUMBER | |
| International Standard Book Number | 9993439207 |
| 040 ## - CATALOGING SOURCE | |
| Original cataloging agency | BPMSU |
| Language of cataloging | spa |
| Transcribing agency | BPMSU |
| 082 ## - DEWEY DECIMAL CLASSIFICATION NUMBER | |
| Classification number | RD864.44 |
| Item number | A989e |
| Edition number | 22 |
| 100 1# - MAIN ENTRY--PERSONAL NAME | |
| Personal name | Ayuso, Juan José |
| Dates associated with a name | 1941- |
| 245 ## - TITLE STATEMENT | |
| Title | En Busca del pueblo dominicano / |
| Statement of responsibility, etc. | Juan José Ayuso |
| 260 ## - PUBLICATION, DISTRIBUTION, ETC. (IMPRINT) | |
| Place of publication, distribution, etc. | Santo Domingo : |
| Name of publisher, distributor, etc. | Librería la a Trinitaria, |
| Date of publication, distribution, etc. | 2003 |
| 300 ## - PHYSICAL DESCRIPTION | |
| Extent | 184 p. ; |
| Dimensions | 21 cm. |
| 500 ## - GENERAL NOTE | |
| Materials specified | incluye datos biográficos del autor en la solapa de la cubierta |
| 590 ## - LOCAL NOTE (RLIN) | |
| Local note | inventariado ,2021/MC |
| 650 #4 - SUBJECT ADDED ENTRY--TOPICAL TERM | |
| Topical term or geographic name as entry element | Ensayos dominicanos |
| 650 #4 - SUBJECT ADDED ENTRY--TOPICAL TERM | |
| Topical term or geographic name as entry element | Literatura dominicana |
| 650 #4 - SUBJECT ADDED ENTRY--TOPICAL TERM | |
| Topical term or geographic name as entry element | Características nacionales, dominicana |
| 650 #4 - SUBJECT ADDED ENTRY--TOPICAL TERM | |
| Topical term or geographic name as entry element | Identidad nacional |
| Geographic subdivision | República Dominicana |
| 910 ## - USER-OPTION DATA (OCLC) | |
| User-option data | MCabrera/VMateo |
| 942 ## - ADDED ENTRY ELEMENTS (KOHA) | |
| Source of classification or shelving scheme | Dewey Decimal Classification |
| Koha item type | Libros |
| Withdrawn status | Lost status | Source of classification or shelving scheme | Damaged status | Not for loan | Collection code | Home library | Current library | Date acquired | Full call number | Barcode | Date last seen | Price effective from | Koha item type | Total Checkouts | Copy number |
|---|---|---|---|---|---|---|---|---|---|---|---|---|---|---|---|
| Dewey Decimal Classification | Colección Dominicana | Biblioteca Pública Metropolitana Salomé Ureña | Biblioteca Pública Metropolitana Salomé Ureña | 03/16/2021 | BPMSU CD RD864.44 A989e 2003 | BPMSU21030041 | 03/16/2021 | 03/16/2021 | Libros | ||||||
| Dewey Decimal Classification | Colección Dominicana | Biblioteca Pública Metropolitana Salomé Ureña | Biblioteca Pública Metropolitana Salomé Ureña | 03/16/2021 | BPMSU CD RD864.44 A989e 2003 | BPMSU21030042 | 03/16/2021 | 03/16/2021 | Libros | e.2 | |||||
| Dewey Decimal Classification | Colección Dominicana | Biblioteca Pública Metropolitana Salomé Ureña | Biblioteca Pública Metropolitana Salomé Ureña | 03/16/2021 | BPMSU CD RD864.44 A989e 2003 | BPMSU21030043 | 03/16/2021 | 03/16/2021 | Libros | e3 |